Ciencias sociales /

Guardado en:
Autor Principal: Dalterio, Laura
Otros Autores: Sposob, Gustavo, Maldacena, Julieta, Valverde, Santiago, Rodríguez Freiman, Diego, Barros, Héctor, Snitcofsky, Valeria, Racana, Florencia, Romana, Cecilia
Formato: Libro
Publicado: Buenos Aires : Kapelusz, 2012
Series:Con textos digitales
Materias:
Etiquetas: Agregar Etiqueta
Sin Etiquetas, Sea el primero en etiquetar este registro!
LEADER 01649nam a22003375a 4500
001 CEM.cems013891
005 20130507161521.0
008 130507s2012##################000#0#####d
003 CEMS
020 |a 9789501304756 
082 0 4 |a 302 
100 1 |a Dalterio, Laura 
245 1 0 |a Ciencias sociales /  |c Laura Dalterio ... [et Al.] 
260 |a Buenos Aires :  |b Kapelusz,  |c 2012 
300 |a 272 p. 
490 0 |a Con textos digitales 
505 0 |a La geografía, una ciencia para interpretar el mundo -- El planeta Tierra -- Los recursos naturales y los problemas ambientales -- La población mundial -- La economía en el mundo actual -- La historia, un recorrido a través del tiempo -- Las primeras sociedades humanas -- Las primeras sociedades urbanas y las grandes civilizaciones americanas -- El cercano Oriente: pequeños Estados y grandes imperios -- Los griegos: desde los orígenes hasta la expansión helenística -- Roma, desde los orígenes hasta el fin del imperio -- Las sociedades medievales -- La vida en sociedad y las normas 
653 |a Estudios sociales 
653 |a Ciencias sociales 
653 |a Educación secundaria 
700 1 |a Sposob, Gustavo 
700 1 |a Maldacena, Julieta 
700 1 |a Valverde, Santiago 
700 1 |a Rodríguez Freiman, Diego 
700 1 |a Barros, Héctor 
700 1 |a Snitcofsky, Valeria 
700 1 |a Racana, Florencia 
700 1 |a Romana, Cecilia 
859 |a CEMS  |b BIB. CEMS - 11 de abril  |h 302  |i D17  |p 26645.13  |t Ej.1  |v 1º  |3 1º 
859 |a CEMS  |b BIB. CEMS - 11 de abril  |h 302  |i D17  |p 27066.14  |t Ej.2  |v 1º  |3 1º 
859 |a CEMS  |b BIB. CEMS - 11 de abril  |h 302  |i D17  |p 28310.19  |t Ej.3  |v 1º  |3 1º